Сборник докладов молодых ученых на ежегодной научной конференции Санкт-Петербургской лесотехнической академии. Вып. 2 (Запись № 735984)

Подробности
000 -МАРКЕР
контрольное поле 02012nam2a2200361 4500
001 - ИДЕНТИФИКАТОР ЗАПИСИ
контрольное поле RU\NLR\bibl\131644
005 - ИДЕНТИФИКАТОР ВЕРСИИ
контрольное поле 20260407155844.0
010 ## - МЕЖДУНАРОДНЫЙ СТАНДАРТНЫЙ НОМЕР КНИГИ (ISBN)
Номер (ISBN) 5-230-10597-6
Тираж 150
021 ## - НОМЕР ГОСУДАРСТВЕННОЙ РЕГИСТРАЦИИ
Код страны Российская Федерация
Номер 2000-17853п
Номер Листа государственной регистраци 651п
035 ## - ДРУГИЕ СИСТЕМНЫЕ НОМЕРА
Идентификатор записи (NLR Aleph) 000128946
100 ## - ДАННЫЕ ОБЩЕЙ ОБРАБОТКИ
Данные общей обработки 20001204d1999 |||y0rusy50 ca
101 0# - ЯЗЫК РЕСУРСА
Язык текста, звукозаписи и т.д. русский
Язык резюме английский
102 ## - СТРАНА ПУБЛИКАЦИИ ИЛИ ПРОИЗВОДСТВА
Страна публикации Российская Федерация
105 ## - ПОЛЕ КОДИРОВАННЫХ ДАННЫХ: ТЕКСТОВЫЕ МАТЕРИАЛЫ, МОНОГРАФИЧЕСКИЕ
Кодированные данные о монографическом текстовом документе a |||||||||
200 0# - ЗАГЛАВИЕ И СВЕДЕНИЯ ОБ ОТВЕТСТВЕННОСТИ
Основное заглавие Вып. 2
210 ## - ПУБЛИКАЦИЯ, РАСПРОСТРАНЕНИЕ И ДР.
Дата издания, распространения и т.д. 1999
Место издания, распространения и т.д. Б. м.
215 ## - ФИЗИЧЕСКАЯ ХАРАКТЕРИСТИКА
Специфическое обозначение материала и объем 75 с.
320 ## - ПРИМЕЧАНИЯ О НАЛИЧИИ В ДОКУМЕНТЕ БИБЛИОГРАФИИ / УКАЗАТЕЛЯ
Текст примечания Библиогр. в конце докл.
461 #0 - УРОВЕНЬ НАБОРА
Встроенное поле 001RU\NLR\bibl\136920
-- 2001#$aСборник докладов молодых ученых на ежегодной научной конференции Санкт-Петербургской лесотехнической академии$vВып. 2
Системный номер (АБИС) связанной записи 766506
Автор Санкт-Петербургская государственная лесотехническая академия им. С. М. Кирова. Научная конференция молодых ученых
Место публикации СПб.
Дата публикации 1999
Первые сведения об ответственности М-во образования Рос. Федерации, С.-Петерб. гос. лесотехн. акад.
Имя издателя, распространителя и т.д. СПбЛТА
Заглавие Сборник докладов молодых ученых на ежегодной научной конференции Санкт-Петербургской лесотехнической академии
Номер тома Вып. 2
610 0# - НЕКОНТРОЛИРУЕМЫЕ ПРЕДМЕТНЫЕ ТЕРМИНЫ
Предметный термин Лесной комплекс
675 ## - УНИВЕРСАЛЬНАЯ ДЕСЯТИЧНАЯ КЛАССИФИКАЦИЯ (UDC/УДК)
Индекс 630(470.23)(082)
Издание 3
Язык издания rus
686 ## - ИНДЕКСЫ ДРУГИХ КЛАССИФИКАЦИЙ
Индекс 68.47
Код системы
686 ## - ИНДЕКСЫ ДРУГИХ КЛАССИФИКАЦИЙ
Индекс 43
Код системы
686 ## - ИНДЕКСЫ ДРУГИХ КЛАССИФИКАЦИЙ
Индекс У34(2)1(2Р)я431
711 02 - НАИМЕНОВАНИЕ ОРГАНИЗАЦИИ - АЛЬТЕРНАТИВНАЯ ОТВЕТСТВЕННОСТЬ
Начальный элемент ввода Санкт-Петербургская государственная лесотехническая академия им. С. М. Кирова
Структурное подразделение Научная конференция молодых ученых
Дата проведения временной организации 1999
Идентификатор авторитетной/нормативной записи RU\NLR\AUTH\8810097322
Системный номер авторитетной/нормативной записи 695746
801 #0 - ИСТОЧНИК ЗАПИСИ
Страна Российская Федерация
Организация RKP
Дата составления 20001204
Правила каталогизации PSBO
801 #1 - ИСТОЧНИК ЗАПИСИ
Страна Российская Федерация
Организация RKP
Дата составления 20001204
801 #2 - ИСТОЧНИК ЗАПИСИ
Страна Российская Федерация
Организация NLR
Дата составления 20130121
Правила каталогизации rcr
852 ## - МЕСТОНАХОЖДЕНИЕ И ШИФР ХРАНЕНИЯ
Идентификатор организации NLR
Шифр хранения (Call Number) 2001-4/830
942 ## - ДОПОЛНИТЕЛЬНЫЕ ЭЛЕМЕНТЫ ЗАПИСИ (АБИС)
Тип экземпляра АБИС Книга
980 ## - КОЛЛЕКЦИЯ
Название коллекции Национальная библиография
Экземпляры
Тип экземпляра Дата поступления Источник поступления Библиотека постоянного хранения Библиотека текущего хранения Место хранения Шифр хранения Штрих-код Статус экземпляра
Книга 02.02.2001 Обязательный экземпляр РНБ (Московский) РНБ (Московский) Русский книжный фонд: издания с 1957 года 2001-4/830 1-1616018  
Книга 02.02.2001 Обязательный экземпляр РНБ (Московский) РНБ (Московский) Русский книжный фонд: издания с 1957 года 2001-4/830 101823